[Event "11th Rubinstein Memorial"]
[Site "Polanica Zdroj POL"]
[Date "1973.08.05"]
[Round "1"]
[White "Dvoretsky, Mark"]
[Black "Ermenkov, Evgeny"]
[Result "1-0"]
[WhiteElo "2485"]
[BlackElo "2425"]
[EventDate "1973.08.05"]
[PlyCount "79"]

1.e4 c5 2.Nf3 Nc6 3.Bb5 g6 4.O-O Bg7 5.c3 Nf6 6.Re1 O-O 7.h3 a6 8.Bxc6 
dxc6 9.d4 cxd4 10.cxd4 Nd7 11.Nc3 e5 12.Be3 exd4 13.Bxd4 Re8 14.Bxg7 Kxg7 
15.Qd4+ f6 16.Rad1 Qe7 17.b4 Ne5 18.Nxe5 fxe5 19.Qc5 a5 20.Na4 Qxc5 21.
bxc5 Be6 22.Rd6 Rad8 23.Red1 Rxd6 24.Rxd6 Kf7 25.a3 Ke7 26.Nb2 Bd7 27.Nc4 
a4 28.Nxe5 Be6 29.f4 Ra8 30.Kf2 Ra5 31.Rxc6 Rb5 32.Rb6 Rxc5 33.Rxb7+ Kd8 
34.Nf7+ Ke8 35.Nd6+ Kf8 36.g4 Rc3 37.f5 gxf5 38.gxf5 Ba2 39.f6 Rb3 40.Rb4 
1-0

[Event "11th Rubinstein Memorial"]
[Site "Polanica Zdroj POL"]
[Date "1973.08.05"]
[Round "1"]
[White "Filipowicz, Andrzej"]
[Black "Doda, Zbigniew"]
[Result "1/2-1/2"]
[WhiteElo "2420"]
[BlackElo "2405"]
[EventDate "1973.08.05"]
[PlyCount "44"]

1.e4 c5 2.Nf3 e6 3.d4 cxd4 4.Nxd4 Nc6 5.Nb5 d6 6.c4 Nf6 7.N1c3 a6 8.Na3 
Be7 9.Be2 O-O 10.O-O Rb8 11.Bf4 b6 12.Rc1 Bb7 13.Qd2 Ne5 14.Rfd1 Qc7 15.f3
Rfd8 16.Kh1 Rbc8 17.b4 Qb8 18.Qb2 Nfd7 19.Qb3 h6 20.Nc2 Qc7 21.Ne3 Bg5 22.
Bxg5 hxg5 1/2-1/2

[Event "11th Rubinstein Memorial"]
[Site "Polanica Zdroj POL"]
[Date "1973.08.05"]
[Round "1"]
[White "Jigjidsuren, Purev"]
[Black "Maciejewski, Andrzej"]
[Result "0-1"]
[WhiteElo "2260"]
[BlackElo "2470"]
[EventDate "1973.08.05"]
[PlyCount "66"]

1.e4 Nf6 2.e5 Nd5 3.c4 Nb6 4.c5 Nd5 5.Bc4 e6 6.Nc3 Nxc3 7.dxc3 d5 8.cxd6 
cxd6 9.Nf3 Nc6 10.Bf4 d5 11.Bd3 Be7 12.O-O g5 13.Bg3 h5 14.h3 Bd7 15.b4 
Qc7 16.Qe2 O-O-O 17.Rfc1 g4 18.hxg4 hxg4 19.Nd4 Rh5 20.Qxg4 Rdh8 21.Kf1 
Nxe5 22.Qg7 Bd6 23.Nb5 Bxb5 24.Bxb5 a6 25.c4 axb5 26.cxd5 Nc4 27.a4 exd5 
28.axb5 Rh1+ 29.Ke2 Qe7+ 30.Kd3 Qe4+ 31.Kc3 Rxc1+ 32.Rxc1 Re8 33.Qd4 Bxb4+
0-1

[Event "11th Rubinstein Memorial"]
[Site "Polanica Zdroj POL"]
[Date "1973.08.05"]
[Round "1"]
[White "Markland, Peter Richard"]
[Black "Kostro, Jerzy"]
[Result "1/2-1/2"]
[WhiteElo "2405"]
[BlackElo "2385"]
[EventDate "1973.08.05"]
[PlyCount "41"]

1.e4 e5 2.Nf3 Nc6 3.Bb5 a6 4.Bxc6 dxc6 5.O-O f6 6.d4 Bg4 7.dxe5 Qxd1 8.
Rxd1 fxe5 9.Rd3 Bxf3 10.Rxf3 Nf6 11.Nc3 Bb4 12.Bg5 Bxc3 13.bxc3 Rf8 14.
Bxf6 Rxf6 15.Rxf6 gxf6 16.Rd1 a5 17.Kf1 a4 18.Ke2 Ra5 19.Rb1 b6 20.c4 Ke7 
21.a3 1/2-1/2

[Event "11th Rubinstein Memorial"]
[Site "Polanica Zdroj POL"]
[Date "1973.08.05"]
[Round "1"]
[White "Nicevski, Risto"]
[Black "Grabczewski, Romuald"]
[Result "1-0"]
[WhiteElo "2440"]
[BlackElo "2420"]
[EventDate "1973.08.05"]
[PlyCount "75"]

1.e4 e5 2.Nf3 Nc6 3.Bc4 Nf6 4.d3 Be7 5.c3 O-O 6.O-O d6 7.b4 Be6 8.Bxe6 
fxe6 9.b5 Na5 10.Nbd2 Qd7 11.a4 a6 12.Rb1 axb5 13.axb5 b6 14.Ba3 Qe8 15.d4
Nd7 16.Bb4 Bf6 17.Ra1 Kh8 18.Ra3 exd4 19.cxd4 e5 20.Qc2 Ra7 21.dxe5 Nxe5 
22.Nxe5 Bxe5 23.Qd3 Qh5 24.g3 Rfa8 25.Qd5 Qe8 26.Nf3 Bf6 27.Bc3 Qf8 28.
Bxf6 Qxf6 29.e5 Qf5 30.Ra4 h6 31.Rf4 Qh5 32.g4 Qg6 33.h4 Re8 34.h5 Qe6 35.
Rf8+ Kh7 36.Qe4+ g6 37.Qxg6+ Qxg6 38.hxg6+ 1-0

[Event "11th Rubinstein Memorial"]
[Site "Polanica Zdroj POL"]
[Date "1973.08.05"]
[Round "1"]
[White "Pytel, Krzysztof"]
[Black "Pribyl, Josef"]
[Result "1/2-1/2"]
[WhiteElo "2390"]
[BlackElo "2440"]
[EventDate "1973.08.05"]
[PlyCount "82"]

1.Nf3 Nf6 2.g3 g6 3.b3 Bg7 4.Bb2 O-O 5.Bg2 d5 6.c4 c5 7.cxd5 Nxd5 8.Bxg7 
Kxg7 9.O-O Nc6 10.d4 cxd4 11.Nxd4 Ndb4 12.Nxc6 Nxc6 13.Nd2 Bd7 14.Ne4 b6 
15.Qd2 Qc7 16.Rfd1 Rfd8 17.f4 Be8 18.Qc3+ Kg8 19.b4 Rxd1+ 20.Rxd1 Rd8 21.
Rc1 Qd7 22.e3 a5 23.bxa5 Nxa5 24.Qb4 Qe6 25.Re1 h6 26.Nf2 Rd6 27.a3 Kh7 
28.Bh3 Qa2 29.Ne4 Bd7 30.f5 Nc6 31.Qc3 Rd5 32.Ra1 Qe2 33.fxg6+ Kxg6 34.
Bxd7 Ne5 35.Nf2 Rd2 36.Rf1 Nxd7 37.Qc6+ Kg7 38.Qe4 e6 39.Qf4 f5 40.e4 fxe4
41.Qxe4 Qxe4 1/2-1/2

[Event "11th Rubinstein Memorial"]
[Site "Polanica Zdroj POL"]
[Date "1973.08.05"]
[Round "1"]
[White "Schmidt, Wlodzimierz"]
[Black "Espig, Lutz"]
[Result "1/2-1/2"]
[WhiteElo "2455"]
[BlackElo "2460"]
[EventDate "1973.08.05"]
[PlyCount "43"]

1.Nf3 Nf6 2.c4 e6 3.g3 d5 4.Bg2 Be7 5.O-O O-O 6.d4 dxc4 7.Ne5 Nc6 8.Nxc6 
bxc6 9.Bxc6 Rb8 10.Na3 Rb6 11.Bf3 Bxa3 12.bxa3 Bb7 13.Bxb7 Rxb7 14.Bg5 h6 
15.Bxf6 Qxf6 16.Rc1 Rd8 17.Rxc4 c5 18.Rxc5 Qxd4 19.Qxd4 Rxd4 20.Rfc1 Ra4 
21.Rc8+ Kh7 22.R8c7 1/2-1/2

[Event "11th Rubinstein Memorial"]
[Site "Polanica Zdroj POL"]
[Date "1973.08.06"]
[Round "2"]
[White "Doda, Zbigniew"]
[Black "Nicevski, Risto"]
[Result "0-1"]
[WhiteElo "2405"]
[BlackElo "2440"]
[EventDate "1973.08.05"]
[PlyCount "75"]

1.Nf3 c5 2.g3 Nc6 3.Bg2 g6 4.O-O Bg7 5.c3 e5 6.d3 Nge7 7.a3 a5 8.a4 O-O 9.
e4 d6 10.Be3 h6 11.Na3 f5 12.Qb3+ Kh8 13.exf5 gxf5 14.Rad1 f4 15.Bc1 Rf6 
16.Nc4 Be6 17.Qb5 Qc7 18.gxf4 exf4 19.Kh1 Rg8 20.Rg1 Bd5 21.Nb6 Bf7 22.Nc4
Bf8 23.Qb6 Qd7 24.Ncd2 Nc8 25.Qb5 N8a7 26.Qb6 Be7 27.Ne4 Rfg6 28.c4 Rxg2 
29.Rxg2 Rxg2 30.Kxg2 Qg4+ 31.Ng3 Bh5 32.Ng1 Qxd1 33.Bxf4 Qxd3 34.Nxh5 Qf5 
35.Bxh6 Qxh5 36.Bf4 Qg4+ 37.Bg3 Qxc4 38.Qxb7 0-1

[Event "11th Rubinstein Memorial"]
[Site "Polanica Zdroj POL"]
[Date "1973.08.06"]
[Round "2"]
[White "Dvoretsky, Mark"]
[Black "Pytel, Krzysztof"]
[Result "1/2-1/2"]
[WhiteElo "2485"]
[BlackElo "2390"]
[EventDate "1973.08.05"]
[PlyCount "33"]

1.e4 e5 2.Nf3 Nc6 3.Bb5 a6 4.Ba4 Nf6 5.O-O b5 6.Bb3 Bb7 7.d3 h6 8.c3 g6 9.
Nbd2 Bg7 10.Qe2 O-O 11.Rd1 d5 12.Nf1 Re8 13.Ng3 Na5 14.Bc2 c5 15.b4 cxb4 
16.cxb4 Nc6 17.Bd2 1/2-1/2

[Event "11th Rubinstein Memorial"]
[Site "Polanica Zdroj POL"]
[Date "1973.08.06"]
[Round "2"]
[White "Ermenkov, Evgeny"]
[Black "Maciejewski, Andrzej"]
[Result "1-0"]
[WhiteElo "2425"]
[BlackElo "2470"]
[EventDate "1973.08.05"]
[PlyCount "73"]

1.e4 Nf6 2.e5 Nd5 3.d4 d6 4.c4 Nb6 5.f4 dxe5 6.fxe5 Bf5 7.Nc3 e6 8.Nf3 Nc6
9.Be3 Be7 10.d5 Nb4 11.Nd4 Bg6 12.a3 c5 13.Nxe6 fxe6 14.axb4 cxb4 15.Na4 
Nd7 16.Qd4 Qa5 17.d6 Bd8 18.c5 b5 19.b3 bxa4 20.Rxa4 Qxc5 21.Qxc5 Nxc5 22.
Bxc5 O-O 23.Bc4 Kh8 24.Rf1 Rxf1+ 25.Kxf1 a5 26.Bxb4 Bb6 27.Bc3 Rf8+ 28.Ke1
Bf2+ 29.Kd2 Be4 30.Bxe6 Bxg2 31.Rc4 Bb6 32.Rc8 Rxc8 33.Bxc8 Kg8 34.Bd7 h5 
35.e6 Bh3 36.Bc8 Bg4 37.h3 1-0

[Event "11th Rubinstein Memorial"]
[Site "Polanica Zdroj POL"]
[Date "1973.08.06"]
[Round "2"]
[White "Espig, Lutz"]
[Black "Filipowicz, Andrzej"]
[Result "0-1"]
[WhiteElo "2460"]
[BlackElo "2420"]
[EventDate "1973.08.05"]
[PlyCount "86"]

1.Nf3 c5 2.c4 g6 3.d4 Bg7 4.e4 Na6 5.Nc3 d6 6.Be2 Nf6 7.O-O O-O 8.d5 Nc7 
9.Bg5 h6 10.Bf4 Rb8 11.a4 b6 12.h3 a6 13.e5 Nfe8 14.Qd2 g5 15.Bh2 Bf5 16.
Bd3 Qd7 17.Rfe1 b5 18.axb5 axb5 19.b3 bxc4 20.bxc4 Rb6 21.Ra7 Ra6 22.Rxa6 
Nxa6 23.Nb5 Bxd3 24.Qxd3 Nb4 25.Qe4 f5 26.exf6 Bxf6 27.Bg3 Ng7 28.Qg6 Qe8 
29.Qe4 Qd7 30.Nh2 Qf5 31.Ng4 Qxe4 32.Rxe4 Nf5 33.Re6 Kg7 34.Nc7 Kg6 35.Bh2
Nd3 36.Ne8 Nd4 37.Re3 Rxe8 38.Rxd3 Ra8 39.Ne3 Ra4 40.Rd1 Nf5 41.Nxf5 Kxf5 
42.g4+ Ke4 43.Kg2 Rxc4 0-1

[Event "11th Rubinstein Memorial"]
[Site "Polanica Zdroj POL"]
[Date "1973.08.06"]
[Round "2"]
[White "Grabczewski, Romuald"]
[Black "Markland, Peter Richard"]
[Result "1/2-1/2"]
[WhiteElo "2420"]
[BlackElo "2405"]
[EventDate "1973.08.05"]
[PlyCount "37"]

1.e4 c5 2.Nf3 Nc6 3.d4 cxd4 4.Nxd4 Nf6 5.Nc3 e5 6.Ndb5 d6 7.Bg5 a6 8.Na3 
Be6 9.Nc4 Rc8 10.Bxf6 gxf6 11.Ne3 Ne7 12.Qf3 Qb6 13.O-O-O Bh6 14.Qxf6 
Bxe3+ 15.fxe3 Qxe3+ 16.Kb1 Rg8 17.Rxd6 Rxc3 18.bxc3 Qxc3 19.Rd3 1/2-1/2

[Event "11th Rubinstein Memorial"]
[Site "Polanica Zdroj POL"]
[Date "1973.08.06"]
[Round "2"]
[White "Kostro, Jerzy"]
[Black "Jigjidsuren, Purev"]
[Result "1-0"]
[WhiteElo "2385"]
[BlackElo "2260"]
[EventDate "1973.08.05"]
[PlyCount "93"]

1.e4 e5 2.Nf3 Nc6 3.Bb5 a6 4.Ba4 Nf6 5.O-O Be7 6.Re1 b5 7.Bb3 O-O 8.d3 d6 
9.c3 h6 10.Nbd2 Re8 11.Nf1 Bf8 12.Ng3 Na5 13.Bc2 c5 14.d4 Nc6 15.a4 Bd7 
16.d5 Na5 17.b3 bxa4 18.bxa4 Rb8 19.Nd2 c4 20.Ba3 Qc7 21.Bb4 Rec8 22.Ngf1 
Be8 23.Ne3 Nd7 24.Qe2 Nb3 25.Bxb3 cxb3 26.Nxb3 Nc5 27.Ba5 Qb7 28.Nxc5 dxc5
29.Nc4 f6 30.Qd3 Qa7 31.d6 Qf7 32.Bc7 Rxc7 33.dxc7 Qxc7 34.Red1 Bf7 35.
Rab1 Rxb1 36.Rxb1 Qc6 37.Ra1 Qe6 38.Ne3 Qb3 39.Qc2 Qe6 40.c4 h5 41.Rb1 h4 
42.h3 Qc6 43.Nd5 f5 44.Rb6 Qc8 45.exf5 Bxd5 46.cxd5 c4 47.Rc6 1-0

[Event "11th Rubinstein Memorial"]
[Site "Polanica Zdroj POL"]
[Date "1973.08.06"]
[Round "2"]
[White "Pribyl, Josef"]
[Black "Schmidt, Wlodzimierz"]
[Result "0-1"]
[WhiteElo "2440"]
[BlackElo "2455"]
[EventDate "1973.08.05"]
[PlyCount "78"]

1.d4 Nf6 2.c4 g6 3.Nc3 d5 4.cxd5 Nxd5 5.e4 Nxc3 6.bxc3 Bg7 7.Bc4 c5 8.Ne2 
O-O 9.O-O Nc6 10.Be3 Qc7 11.Rc1 Rd8 12.f4 e6 13.Kh1 Na5 14.Bd3 f5 15.g4 b6
16.gxf5 exf5 17.Ng3 Bb7 18.d5 fxe4 19.Bxe4 Nc4 20.Bf2 Qf7 21.Qe2 Bxd5 22.
Rcd1 Bxe4+ 23.Nxe4 Rxd1 24.Rxd1 Re8 25.Qf3 Bh6 26.Bh4 Bg7 27.Ng5 Qf5 28.
Rd5 Qc8 29.Bf2 h6 30.Ne4 Qe6 31.Ng3 Ne3 32.Bxe3 Qxe3 33.Qxe3 Rxe3 34.Rd7 
h5 35.Rxa7 h4 36.Nf1 Rxc3 37.Nd2 Rc1+ 38.Kg2 Rc2 39.Rd7 Bd4 0-1

[Event "11th Rubinstein Memorial"]
[Site "Polanica Zdroj POL"]
[Date "1973.08.07"]
[Round "3"]
[White "Filipowicz, Andrzej"]
[Black "Pribyl, Josef"]
[Result "1/2-1/2"]
[WhiteElo "2420"]
[BlackElo "2440"]
[EventDate "1973.08.05"]
[PlyCount "47"]

1.e4 c5 2.Nf3 Nf6 3.Nc3 Nc6 4.d4 d5 5.exd5 Nxd5 6.Nxd5 Qxd5 7.Be3 cxd4 8.
Nxd4 Qa5+ 9.c3 Nxd4 10.b4 Qe5 11.Qxd4 Qxd4 12.Bxd4 f6 13.f4 Bd7 14.Be2 e6 
15.Bh5+ Kd8 16.O-O-O Kc7 17.Rhe1 Bd6 18.g3 a5 19.Bb6+ Kxb6 20.Rxd6+ Kc7 
21.Red1 Rhd8 22.bxa5 Rxa5 23.Be8 Rd5 24.R6xd5 1/2-1/2

[Event "11th Rubinstein Memorial"]
[Site "Polanica Zdroj POL"]
[Date "1973.08.07"]
[Round "3"]
[White "Jigjidsuren, Purev"]
[Black "Grabczewski, Romuald"]
[Result "0-1"]
[WhiteElo "2260"]
[BlackElo "2420"]
[EventDate "1973.08.05"]
[PlyCount "88"]

1.e4 e5 2.Nf3 Nc6 3.Bb5 a6 4.Bxc6 dxc6 5.O-O f6 6.d4 exd4 7.Nxd4 Bd6 8.Be3
Ne7 9.c4 O-O 10.Nc3 Ng6 11.f4 Re8 12.a3 a5 13.Kh1 Qe7 14.Qh5 Qf7 15.Rad1 
Bd7 16.Qe2 Rad8 17.Nb3 b6 18.Nd2 Bf8 19.h3 c5 20.a4 Bc6 21.b3 Bb7 22.Nf3 
Rxd1 23.Qxd1 Bxe4 24.Nxe4 Rxe4 25.Qd3 Qe6 26.Ne5 Rxe3 27.Qxe3 fxe5 28.f5 
Qf6 29.Qe4 Nf4 30.Kh2 h6 31.g3 Nh5 32.h4 Bd6 33.Kh3 Qf7 34.g4 Nf6 35.Qa8+ 
Kh7 36.Rh1 Qd7 37.Rf1 Qf7 38.Rh1 g6 39.Qc8 gxf5 40.g5 Ne4 41.Kg2 f4 42.Kf3
Ng3 43.Rd1 e4+ 44.Kf2 Qf5 0-1

[Event "11th Rubinstein Memorial"]
[Site "Polanica Zdroj POL"]
[Date "1973.08.07"]
[Round "3"]
[White "Maciejewski, Andrzej"]
[Black "Kostro, Jerzy"]
[Result "1-0"]
[WhiteElo "2470"]
[BlackElo "2385"]
[EventDate "1973.08.05"]
[PlyCount "59"]

1.a3 d5 2.d4 Nf6 3.Nf3 Bf5 4.e3 e6 5.c4 c6 6.Nc3 Ne4 7.Nxe4 Bxe4 8.Bd3 
Bxd3 9.Qxd3 f5 10.g4 fxg4 11.Ne5 Bd6 12.Nxg4 Qh4 13.Rg1 O-O 14.Bd2 Nd7 15.
O-O-O Nf6 16.Nxf6+ Rxf6 17.f4 Raf8 18.Rg2 Rh6 19.Rdg1 Rf7 20.c5 Bf8 21.Be1
Qf6 22.b4 Qf5 23.Qe2 Qe4 24.Rg4 Rhf6 25.R1g2 Rf5 26.Kd2 Qb1 27.Qd3 Qa1 28.
Qb3 g6 29.Rg1 Rh5 30.Bf2 1-0

[Event "11th Rubinstein Memorial"]
[Site "Polanica Zdroj POL"]
[Date "1973.08.07"]
[Round "3"]
[White "Markland, Peter Richard"]
[Black "Doda, Zbigniew"]
[Result "1/2-1/2"]
[WhiteElo "2405"]
[BlackElo "2405"]
[EventDate "1973.08.05"]
[PlyCount "89"]

1.e4 c5 2.Nf3 Nc6 3.Bb5 e6 4.O-O Nge7 5.Re1 a6 6.Bxc6 Nxc6 7.d4 cxd4 8.
Nxd4 d6 9.Nxc6 bxc6 10.b3 Be7 11.Bb2 O-O 12.c4 Bb7 13.Nc3 Bf6 14.Qd2 c5 
15.Na4 Bxb2 16.Nxb2 Qf6 17.Rad1 Rad8 18.Na4 h6 19.Qa5 Qe7 20.Qb6 Rd7 21.f3
Rc8 22.Rd3 Kh7 23.Qa5 Rc6 24.Red1 Qg5 25.Qc3 f5 26.Qd2 Qf6 27.Qe1 fxe4 28.
Qxe4+ Qg6 29.Re1 Qxe4 30.fxe4 Kg8 31.Red1 Kf7 32.e5 Ke7 33.Kf2 d5 34.cxd5 
Rxd5 35.Rxd5 exd5 36.Rxd5 Rg6 37.Rd2 Rxg2+ 38.Ke3 Rg5 39.Kf4 g6 40.Nxc5 
Rf5+ 41.Kg3 Rg5+ 42.Kf2 Rf5+ 43.Kg1 Rg5+ 44.Kf2 Rf5+ 45.Kg1 1/2-1/2

[Event "11th Rubinstein Memorial"]
[Site "Polanica Zdroj POL"]
[Date "1973.08.07"]
[Round "3"]
[White "Nicevski, Risto"]
[Black "Espig, Lutz"]
[Result "1/2-1/2"]
[WhiteElo "2440"]
[BlackElo "2460"]
[EventDate "1973.08.05"]
[PlyCount "77"]

1.e4 c5 2.Nf3 e6 3.d4 cxd4 4.Nxd4 Nf6 5.Nc3 d6 6.g4 h6 7.Rg1 Nc6 8.Be3 Qa5
9.Nb3 Qc7 10.Qe2 Be7 11.f4 a6 12.Bg2 b5 13.h4 Nd7 14.g5 hxg5 15.hxg5 Bb7 
16.O-O-O O-O-O 17.g6 fxg6 18.Qg4 Kb8 19.Qxe6 Nf6 20.Nd4 d5 21.Nxc6+ Bxc6 
22.Nxd5 Bxd5 23.Rxd5 Nxd5 24.exd5 Bd6 25.Qxg6 Bxf4 26.Bxf4 Qxf4+ 27.Kb1 
Qf6 28.Qg3+ Qd6 29.Qxg7 Rhg8 30.Qd4 Rg3 31.Be4 Qf6 32.Qd1 Re3 33.Bd3 Rxd5 
34.a3 Rde5 35.Qd2 Qe6 36.Qh2 Kb7 37.Qg2+ Kc7 38.Qh2 Kc6 39.Qg2+ 1/2-1/2

[Event "11th Rubinstein Memorial"]
[Site "Polanica Zdroj POL"]
[Date "1973.08.07"]
[Round "3"]
[White "Pytel, Krzysztof"]
[Black "Ermenkov, Evgeny"]
[Result "1/2-1/2"]
[WhiteElo "2390"]
[BlackElo "2425"]
[EventDate "1973.08.05"]
[PlyCount "92"]

1.d4 Nf6 2.c4 g6 3.Nc3 Bg7 4.e4 O-O 5.Be2 d6 6.Nf3 e5 7.O-O Nbd7 8.Re1 c6 
9.Bf1 Ng4 10.d5 c5 11.g3 b6 12.a3 Kh8 13.h3 Nh6 14.Bd2 Ng8 15.b4 h6 16.Nh4
Bf6 17.Ng2 Bg7 18.Qc2 f5 19.exf5 gxf5 20.f4 Ne7 21.Be2 e4 22.Kh2 Rg8 23.
Ne3 Nf6 24.Rg1 Ng6 25.bxc5 bxc5 26.Ned1 h5 27.Nf2 Qe7 28.Be3 Bh6 29.Qd2 
Rb8 30.Rab1 Bd7 31.Rxb8 Rxb8 32.Bd1 Rg8 33.Ne2 Kh7 34.Bc2 Rb8 35.Nc3 Rb2 
36.Qc1 Rb8 37.Kh1 Bg7 38.Qd2 Rb2 39.Qc1 Rb8 40.Qd2 Qd8 41.Rg2 Kg8 42.Rg1 
Kf7 43.Bd1 a6 44.Bc2 Rb2 45.Nfd1 Rb7 46.Nf2 Rb2 1/2-1/2

[Event "11th Rubinstein Memorial"]
[Site "Polanica Zdroj POL"]
[Date "1973.08.07"]
[Round "3"]
[White "Schmidt, Wlodzimierz"]
[Black "Dvoretsky, Mark"]
[Result "1/2-1/2"]
[WhiteElo "2455"]
[BlackElo "2485"]
[EventDate "1973.08.05"]
[PlyCount "56"]

1.Nf3 g6 2.c4 Bg7 3.d4 Nf6 4.Nc3 O-O 5.e4 d6 6.Be2 e5 7.O-O Nbd7 8.Re1 a5 
9.Bf1 c6 10.Rb1 Re8 11.d5 Nc5 12.b3 Qc7 13.a3 Bg4 14.h3 Bxf3 15.Qxf3 a4 
16.bxa4 Nxa4 17.Nxa4 Rxa4 18.Qb3 Ra7 19.Be3 c5 20.Bc1 Rea8 21.Qf3 Qd8 22.
g3 Qf8 23.Rb3 Ne8 24.h4 Bh6 25.Bxh6 Qxh6 26.Reb1 Qf8 27.Bh3 Qe7 28.h5 Kg7 
1/2-1/2

[Event "11th Rubinstein Memorial"]
[Site "Polanica Zdroj POL"]
[Date "1973.08.09"]
[Round "4"]
[White "Doda, Zbigniew"]
[Black "Jigjidsuren, Purev"]
[Result "1/2-1/2"]
[WhiteElo "2405"]
[BlackElo "2260"]
[EventDate "1973.08.05"]
[PlyCount "122"]

1.Nf3 d5 2.c4 e6 3.g3 Be7 4.Bg2 b6 5.O-O Bb7 6.d4 Nd7 7.cxd5 exd5 8.Nc3 
Ngf6 9.Bf4 O-O 10.Rc1 Nh5 11.Bd2 c5 12.Qc2 Nhf6 13.Rfd1 a6 14.Bf4 c4 15.a4
Bb4 16.Ne5 Rc8 17.Bh3 h6 18.Qf5 Bxc3 19.bxc3 Bc6 20.Nxc6 Rxc6 21.Bg2 Re6 
22.Bf3 Rfe8 23.h4 Nf8 24.Be5 N8d7 25.Bf4 Nf8 26.h5 Qd7 27.Qc2 Qc6 28.Rb1 
Qd7 29.Rb4 Rc6 30.Kg2 Ne6 31.e3 Ng5 32.Bxg5 hxg5 33.Rdb1 g4 34.Be2 Qe6 35.
Rh1 Re7 36.Rh4 Qe4+ 37.Qxe4 Nxe4 38.Bxg4 Nxc3 39.Rh1 a5 40.Rb2 Nxa4 41.Ra2
b5 42.Bd1 Nc3 43.Rxa5 Nxd1 44.Rxd1 Rb7 45.e4 dxe4 46.d5 Rd6 47.Ra8+ Kh7 
48.Rc8 Kh6 49.g4 Kg5 50.Kg3 Rf6 51.d6 Rf3+ 52.Kg2 Rd3 53.Re1 Rxd6 54.Rxe4 
Kf6 55.f4 Re6 56.g5+ Ke7 57.h6 gxh6 58.gxh6 Rxe4 59.h7 Re2+ 60.Kg3 Re3+ 
61.Kg2 Re2+ 1/2-1/2

[Event "11th Rubinstein Memorial"]
[Site "Polanica Zdroj POL"]
[Date "1973.08.09"]
[Round "4"]
[White "Dvoretsky, Mark"]
[Black "Filipowicz, Andrzej"]
[Result "1-0"]
[WhiteElo "2485"]
[BlackElo "2420"]
[EventDate "1973.08.05"]
[PlyCount "155"]

1.e4 c5 2.Nf3 e6 3.d3 Nc6 4.g3 g6 5.d4 Bg7 6.dxc5 b6 7.cxb6 Qxb6 8.Nbd2 d5
9.Bd3 Nge7 10.c3 O-O 11.O-O a5 12.a4 Rb8 13.Ra3 Bb7 14.Rb3 Qa7 15.Qe2 Rfd8
16.Re1 Qa8 17.h4 d4 18.Nc4 Ba6 19.Rxb8 Rxb8 20.Qc2 Qb7 21.Bf1 dxc3 22.bxc3
Bxc4 23.Bxc4 Rc8 24.Bd2 Ne5 25.Nxe5 Bxe5 26.Bb5 Qc7 27.Re3 Nc6 28.Qa2 Bf6 
29.Qc4 Ne5 30.Qxc7 Rxc7 31.Be1 Nc4 32.Rf3 Kg7 33.Kg2 Nd6 34.c4 Nxc4 35.Rd3
Rc5 36.f4 Nb2 37.Rd7 Bc3 38.Bf2 Rc8 39.Rb7 e5 40.Bd7 Rd8 41.Be6 Nxa4 42.
Rxf7+ Kh8 43.f5 Bd4 44.f6 Nc5 45.Bd5 Bxf2 46.Kxf2 a4 47.Ke3 h6 48.Rg7 a3 
49.Rxg6 Kh7 50.Rg7+ Kh8 51.g4 Nd7 52.g5 hxg5 53.hxg5 a2 54.Bxa2 Nxf6 55.
Rf7 Ra8 56.Rxf6 Ra3+ 57.Kf2 Rxa2+ 58.Kf3 Ra1 59.Kg4 Kg7 60.Kf5 Rg1 61.Rg6+
Kf7 62.Ra6 Rf1+ 63.Kxe5 Rg1 64.Kf5 Rf1+ 65.Ke5 Re1 66.g6+ Kg7 67.Kd5 Rd1+ 
68.Ke6 Rg1 69.Ra7+ Kxg6 70.e5 Rb1 71.Ke7 Rb6 72.e6 Rb8 73.Ra1 Rb7+ 74.Kd8 
Rb8+ 75.Kc7 Rb2 76.Re1 Rc2+ 77.Kd7 Rd2+ 78.Ke8 1-0

[Event "11th Rubinstein Memorial"]
[Site "Polanica Zdroj POL"]
[Date "1973.08.09"]
[Round "4"]
[White "Ermenkov, Evgeny"]
[Black "Kostro, Jerzy"]
[Result "0-1"]
[WhiteElo "2425"]
[BlackElo "2385"]
[EventDate "1973.08.05"]
[PlyCount "72"]

1.e4 e5 2.Nc3 Nc6 3.Bc4 Nf6 4.d3 Na5 5.Nge2 Nxc4 6.dxc4 Bc5 7.h3 d6 8.Qd3 
Be6 9.Bd2 a6 10.Rf1 Nd7 11.b3 O-O 12.g4 c6 13.Qg3 b5 14.cxb5 axb5 15.f4 
exf4 16.Bxf4 Qc7 17.Rd1 Ne5 18.a4 bxa4 19.Nxa4 Qa5+ 20.Nec3 Bb4 21.Kf2 f6 
22.Kg2 Rfe8 23.Rf2 Rad8 24.Ne2 Be1 25.Rxe1 Qxe1 26.g5 Rf8 27.Nac3 fxg5 28.
Qxg5 Bxh3+ 29.Kg3 Ng4 30.Kxh3 Nxf2+ 31.Kg2 Nxe4 32.Nxe4 Qxe2+ 33.Nf2 h6 
34.Qh4 Rxf4 35.Qxf4 Rf8 36.Qc4+ Qxc4 0-1

[Event "11th Rubinstein Memorial"]
[Site "Polanica Zdroj POL"]
[Date "1973.08.09"]
[Round "4"]
[White "Espig, Lutz"]
[Black "Markland, Peter Richard"]
[Result "1-0"]
[WhiteElo "2460"]
[BlackElo "2405"]
[EventDate "1973.08.05"]
[PlyCount "67"]

1.Nf3 Nf6 2.c4 g6 3.g3 Bg7 4.d4 O-O 5.Bg2 c5 6.O-O d6 7.Nc3 cxd4 8.Nxd4 
Nc6 9.Nxc6 bxc6 10.Bxc6 Rb8 11.Bg2 Qa5 12.Qc2 Be6 13.b3 Rfc8 14.Bd2 Qh5 
15.e4 Ng4 16.h3 Ne5 17.Qd1 Bxh3 18.Qxh5 gxh5 19.Nd5 Bxg2 20.Kxg2 Ng6 21.
Rad1 Rb7 22.Rh1 Rc5 23.Nc3 Bxc3 24.Bxc3 a5 25.Bd4 Rc8 26.Rxh5 e5 27.Be3 a4
28.Rxd6 axb3 29.axb3 Rxb3 30.c5 Rxe3 31.fxe3 Rxc5 32.Rd7 Rc8 33.Rf5 Rf8 
34.Kf3 1-0

[Event "11th Rubinstein Memorial"]
[Site "Polanica Zdroj POL"]
[Date "1973.08.09"]
[Round "4"]
[White "Grabczewski, Romuald"]
[Black "Maciejewski, Andrzej"]
[Result "1/2-1/2"]
[WhiteElo "2420"]
[BlackElo "2470"]
[EventDate "1973.08.05"]
[PlyCount "32"]

1.e4 Nf6 2.e5 Nd5 3.Nc3 e6 4.d4 d6 5.Nf3 Nc6 6.Bb5 Nxc3 7.bxc3 dxe5 8.Nxe5
Bd7 9.Nxd7 Qxd7 10.O-O Be7 11.Qg4 O-O 12.Bh6 Bf6 13.Rad1 Rfd8 14.Bf4 a6 
15.Bd3 g6 16.Rfe1 Ne7 1/2-1/2

[Event "11th Rubinstein Memorial"]
[Site "Polanica Zdroj POL"]
[Date "1973.08.09"]
[Round "4"]
[White "Pribyl, Josef"]
[Black "Nicevski, Risto"]
[Result "1-0"]
[WhiteElo "2440"]
[BlackElo "2440"]
[EventDate "1973.08.05"]
[PlyCount "125"]

1.d4 Nf6 2.c4 e6 3.Nc3 c5 4.Nf3 cxd4 5.Nxd4 Bb4 6.Nb5 d5 7.Bf4 O-O 8.e3 
Nc6 9.a3 Bxc3+ 10.Nxc3 e5 11.Bg5 dxc4 12.Bxc4 h6 13.Bh4 g5 14.Bg3 Bf5 15.
O-O Qxd1 16.Raxd1 Rad8 17.Bb5 Ne4 18.Nxe4 Bxe4 19.Bxc6 Bxc6 20.Bxe5 Ba4 
21.Rd4 Rxd4 22.Bxd4 a6 23.Rc1 Bc6 24.f3 Rd8 25.Kf2 f5 26.h4 Kf7 27.Rh1 Kg6
28.Ke2 Bb5+ 29.Kd2 f4 30.h5+ Kf7 31.Rc1 fxe3+ 32.Kxe3 Bc6 33.Rc5 Rd5 34.
Rc4 Rd7 35.Rc1 Re7+ 36.Kf2 Rd7 37.Bc3 Re7 38.Rd1 Rd7 39.Re1 Rd8 40.Bb4 Re8
41.Rd1 Re6 42.Rd8 Be8 43.Rb8 Rb6 44.Bc3 Ke7 45.g4 Kf7 46.b4 Bb5 47.Bd4 Rd6
48.Rxb7+ Rd7 49.Rxd7+ Bxd7 50.Kg3 Ba4 51.f4 Bc2 52.Bb6 Kg7 53.Bd8 gxf4+ 
54.Kxf4 Bd1 55.Bb6 Kf7 56.Bd4 Be2 57.Kg3 Bd1 58.Kh4 Bc2 59.Be3 Kg7 60.g5 
hxg5+ 61.Kxg5 Kf7 62.h6 Be4 63.Kf4 1-0

[Event "11th Rubinstein Memorial"]
[Site "Polanica Zdroj POL"]
[Date "1973.08.09"]
[Round "4"]
[White "Pytel, Krzysztof"]
[Black "Schmidt, Wlodzimierz"]
[Result "1/2-1/2"]
[WhiteElo "2390"]
[BlackElo "2455"]
[EventDate "1973.08.05"]
[PlyCount "33"]

1.Nf3 Nf6 2.c4 g6 3.Nc3 d5 4.cxd5 Nxd5 5.g3 Bg7 6.Bg2 O-O 7.O-O Nc6 8.d4 
Nb6 9.e3 e5 10.d5 Na5 11.e4 c6 12.Bg5 f6 13.Be3 cxd5 14.Bxb6 Qxb6 15.Nxd5 
Qd8 16.Rc1 Nc6 17.Qb3 1/2-1/2

[Event "11th Rubinstein Memorial"]
[Site "Polanica Zdroj POL"]
[Date "1973.08.10"]
[Round "5"]
[White "Filipowicz, Andrzej"]
[Black "Pytel, Krzysztof"]
[Result "1/2-1/2"]
[WhiteElo "2420"]
[BlackElo "2390"]
[EventDate "1973.08.05"]
[PlyCount "34"]

1.e4 e6 2.d4 d5 3.Nd2 Nf6 4.Bd3 c5 5.e5 Nfd7 6.c3 Nc6 7.Ne2 cxd4 8.cxd4 f6
9.exf6 Qxf6 10.O-O Bd6 11.Nf3 O-O 12.Bg5 Qf7 13.Bh4 h6 14.Bg3 Bxg3 15.Nxg3
e5 16.dxe5 Ndxe5 17.Nxe5 Nxe5 1/2-1/2

[Event "11th Rubinstein Memorial"]
[Site "Polanica Zdroj POL"]
[Date "1973.08.10"]
[Round "5"]
[White "Jigjidsuren, Purev"]
[Black "Espig, Lutz"]
[Result "1-0"]
[WhiteElo "2260"]
[BlackElo "2460"]
[EventDate "1973.08.05"]
[PlyCount "81"]

1.e4 c5 2.Nf3 e6 3.d4 cxd4 4.Nxd4 Nf6 5.Nc3 d6 6.g4 a6 7.g5 Nfd7 8.Bg2 b5 
9.f4 Nb6 10.f5 e5 11.Nde2 Bb7 12.Ng3 N8d7 13.Qe2 Rc8 14.a3 Nc5 15.O-O Nca4
16.Nd1 Qc7 17.Ne3 Nc4 18.b3 Nc3 19.Qd3 Nb6 20.Bd2 d5 21.exd5 Nbxd5 22.Bxd5
Nxd5 23.Nxd5 Qxc2 24.Qe2 Bxd5 25.Qxe5+ Be7 26.Rac1 O-O 27.Rxc2 Rxc2 28.
Qxd5 Rd8 29.Qxd8+ Bxd8 30.Ne4 Bb6+ 31.Kg2 Be3 32.Kf3 Bxd2 33.Rf2 Rb2 34.
Nxd2 Kf8 35.Ke3 Ke7 36.Kd3 Ra2 37.Re2+ Kd7 38.Nb1 Ra1 39.Kc2 Ra2+ 40.Kd1 
Ra1 41.Kc1 1-0